Five Biggest Cities by "Country" of Britain - Statistics

General Stats
  • This quiz has been taken 188 times
  • The average score is 16 of 25
Answer Stats
Country Population City % Correct
England 13,709,000 London
99%
England 2,556,000 Manchester
99%
Scotland 1,395,000 Glasgow
98%
England 3,683,000 Birmingham
97%
Ireland 1,173,179 Dublin
97%
Scotland 782,000 Edinburgh
97%
England 2,241,000 Liverpool
95%
Northern Ireland 671,559 Belfast
92%
Wales 1,097,000 Cardiff
92%
Ireland 208,669 Cork
87%
Scotland 332,000 Aberdeen
82%
Wales 462,000 Swansea
80%
Northern Ireland 237,000 Derry | Londonderry
72%
England 1,569,000 Sheffield
69%
Scotland 211,000 Dundee
65%
Ireland 94,192 Limerick
61%
Ireland 79,934 Galway
48%
Wales 306,844 Newport
46%
Ireland 53,504 Waterford
45%
Wales 149,000 Wrexham
34%
Northern Ireland 71,403 Lisburn
20%
Wales 51,502 Barry
13%
Scotland 77,210 Paisley
10%
Northern Ireland 66,120 Newtownabbey
4%
Northern Ireland 68,890 Greater Craigavon
1%
No matching quizzes found
Score Distribution
Percent of People with Each Score
Percentile by Number Answered
Your Score History
You have not taken this quiz